[Event "V Festival Magistrale"]
[Site "Aosta ITA"]
[Date "1990.12.10"]
[Round "3"]
[White "Tortarolo, Massimiliano"]
[Black "Luppi, Sergio"]
[WhiteElo "2265"]
[BlackElo "1985"]
[Result "1-0"]
[PlyCount "47"]
[EventDate "1990.12.08"]

1. e4 e5 2. Nf3 Nf6 3. d4 Nxe4 4. Bd3 d5 5. Nxe5 Nd7 6. Nxd7 Bxd7 7. O-O Qh4 8.
c4 O-O-O 9. c5 g5 10. Nc3 Bg7 11. g3 Qh3 12. Nxe4 dxe4 13. Bxe4 Bb5 14. Bxg5
Bxf1 15. Bxd8 f5 16. Bxb7+ Kxb7 17. Qb3+ Kc8 18. Rxf1 Kxd8 19. Qd5+ Kc8 20. Re1
Qg4 21. Re7 Kb8 22. Qd7 Rc8 23. Qb5+ Ka8 24. c6 1-0

[Event "V Festival Magistrale"]
[Site "Aosta ITA"]
[Date "1990.12.11"]
[Round "4"]
[White "Barbero, Gerardo F."]
[Black "Panzalovic, Srdjan"]
[WhiteElo "2475"]
[BlackElo "2335"]
[Result "0-1"]
[PlyCount "86"]
[EventDate "1990.12.08"]

1. d4 Nf6 2. c4 g6 3. Nc3 d5 4. Nf3 Bg7 5. Bg5 Ne4 6. cxd5 Nxg5 7. Nxg5 e6 8.
Nf3 exd5 9. e3 a5 10. Be2 O-O 11. O-O Re8 12. a3 Bf8 13. Rc1 c6 14. Re1 Nd7 15.
Bf1 Nb6 16. Ne5 Bf5 17. Bd3 Bxd3 18. Nxd3 Nc4 19. a4 Bb4 20. Re2 Bxc3 21. Rxc3
Re7 22. Nc5 Nd6 23. Rc1 Ne4 24. Nd3 Qb6 25. b3 Kg7 26. Qc2 Rae8 27. Qb2 Nd6 28.
Rec2 Kg8 29. Qa3 Ne4 30. Rb2 Qa6 31. Ne1 Re6 32. Rbc2 g5 33. Ra1 Qb6 34. Nd3
Rh6 35. Ne5 Qc7 36. f3 Nd6 37. Qc1 Rhe6 38. e4 dxe4 39. Qxg5+ Kh8 40. fxe4 f6
41. Ng6+ hxg6 42. Qh6+ Qh7 43. Qxh7+ Kxh7 0-1

[Event "V Festival Magistrale"]
[Site "Aosta ITA"]
[Date "1990.12.11"]
[Round "4"]
[White "Cvitan, Ognjen"]
[Black "Arlandi, Ennio"]
[WhiteElo "2515"]
[BlackElo "2400"]
[Result "1-0"]
[PlyCount "115"]
[EventDate "1990.12.08"]

1. d4 d5 2. c4 e6 3. Nc3 Be7 4. Nf3 Nf6 5. Bg5 h6 6. Bh4 O-O 7. e3 b6 8. Be2
Bb7 9. Bxf6 Bxf6 10. cxd5 exd5 11. O-O Nd7 12. Qb3 c6 13. Rfd1 Re8 14. a3 g6
15. Bd3 Bg7 16. Rac1 Nf8 17. Qa2 Re7 18. b4 Rc8 19. Bf1 Ne6 20. Rc2 Ng5 21. Be2
Ne4 22. Nxe4 Rxe4 23. Rdc1 Qe7 24. Qb3 Re6 25. Bf1 h5 26. g4 Rc7 27. h4 Qd6 28.
Qa4 Ba8 29. Bg2 Bf6 30. Qa6 Qe7 31. Nd2 Rd6 32. Qd3 Rd8 33. Nb1 Bb7 34. Nc3
Rcd7 35. Ne2 Kg7 36. Nf4 Qd6 37. Bf3 Be7 38. Rc3 Qb8 39. Bd1 Bd6 40. Ba4 b5 41.
Bc2 Bxf4 42. exf4 Re7 43. f5 Rd6 44. Qd2 Qe8 45. Rf3 Re2 46. Qf4 Re1+ 47. Rxe1
Qxe1+ 48. Kg2 Qe7 49. Re3 Qf6 50. Re8 Rd8 51. Rxd8 Qxd8 52. Qe5+ f6 53. Qf4 g5
54. hxg5 fxg5 55. Qe5+ Kf7 56. Qe6+ Kf8 57. Qh6+ Ke8 58. f6 1-0

[Event "V Festival Magistrale"]
[Site "Aosta ITA"]
[Date "1990.12.11"]
[Round "4"]
[White "Drasko, Milan"]
[Black "Gallagher, Joseph G."]
[WhiteElo "2460"]
[BlackElo "2500"]
[Result "0-1"]
[PlyCount "64"]
[EventDate "1990.12.08"]

1. d4 Nf6 2. c4 g6 3. Nf3 Bg7 4. g3 O-O 5. Bg2 d6 6. O-O Nbd7 7. Nc3 e5 8. h3
Re8 9. e4 exd4 10. Nxd4 a6 11. Be3 Rb8 12. Qc2 c5 13. Nde2 b5 14. Rad1 Qe7 15.
Bf4 Ne5 16. cxb5 axb5 17. Bg5 Qf8 18. f4 Nc4 19. Qc1 Ba6 20. e5 dxe5 21. fxe5
Nxe5 22. Bxf6 b4 23. Bxe5 Rxe5 24. Bd5 Rxd5 25. Rxd5 bxc3 26. Nxc3 Bd4+ 27. Rf2
Bb7 28. Rd7 Qe8 29. Rc7 Qe5 30. Rcxf7 Qxg3+ 31. Kf1 Ba6+ 32. Ke1 Re8+ 0-1

[Event "V Festival Magistrale"]
[Site "Aosta ITA"]
[Date "1990.12.11"]
[Round "4"]
[White "Fercec, Nenad"]
[Black "Milos, Gilberto"]
[WhiteElo "2395"]
[BlackElo "2540"]
[Result "1-0"]
[PlyCount "87"]
[EventDate "1990.12.08"]

1. e4 e5 2. Nf3 Nc6 3. Bb5 a6 4. Ba4 Nf6 5. O-O Be7 6. Re1 b5 7. Bb3 d6 8. c3
O-O 9. h3 Na5 10. Bc2 c5 11. d4 Qc7 12. d5 Bd7 13. Nbd2 Kh8 14. Nf1 Ng8 15. g4
Nb7 16. Ng3 g6 17. Kh1 c4 18. Rg1 Nc5 19. Be3 Na4 20. Rb1 Rab8 21. Rg2 Qc8 22.
Qd2 f6 23. a3 Bd8 24. Qe2 Bb6 25. Bd2 Bc5 26. Nh4 Qe8 27. Ngf5 Qf7 28. g5 fxg5
29. Bxg5 Be8 30. Nh6 Nxh6 31. Bxh6 Rg8 32. Nf3 Rb7 33. Ng5 Qf4 34. Qg4 Qxg4 35.
hxg4 Bf7 36. Bxa4 bxa4 37. Rf1 Rc8 38. f4 exf4 39. Rxf4 Kg8 40. Rg3 Re8 41.
Rgf3 Ree7 42. Rf6 Red7 43. e5 dxe5 44. Rc6 1-0

[Event "V Festival Magistrale"]
[Site "Aosta ITA"]
[Date "1990.12.11"]
[Round "4"]
[White "Manca, Federico"]
[Black "Barlov, Dragan"]
[WhiteElo "2360"]
[BlackElo "2495"]
[Result "1-0"]
[PlyCount "73"]
[EventDate "1990.12.08"]

1. e4 c5 2. c3 Nf6 3. e5 Nd5 4. d4 cxd4 5. Nf3 e6 6. cxd4 d6 7. a3 Be7 8. Bd3
Bd7 9. O-O Bc6 10. Nc3 Nxc3 11. bxc3 Nd7 12. exd6 Bxd6 13. c4 Bxf3 14. Qxf3 Qh4
15. Rd1 Qxh2+ 16. Kf1 O-O 17. Ke2 Qh4 18. c5 Bc7 19. Qxb7 Qd8 20. Be3 f5 21. d5
f4 22. dxe6 fxe3 23. Bxh7+ Kh8 24. Rh1 Rxf2+ 25. Kxe3 Qg5+ 26. Kxf2 Qd2+ 27.
Kf1 Rf8+ 28. Bf5+ Kg8 29. Qf3 g6 30. e7 Rxf5 31. Qxf5 gxf5 32. e8=Q+ Nf8 33.
Rh8+ Kxh8 34. Qxf8+ Kh7 35. Qxf5+ Kg7 36. Re1 Qd8 37. c6 1-0

[Event "V Festival Magistrale"]
[Site "Aosta ITA"]
[Date "1990.12.11"]
[Round "4"]
[White "Nogueiras Santiago, Jesus"]
[Black "Cebalo, Miso"]
[WhiteElo "2550"]
[BlackElo "2505"]
[Result "1-0"]
[PlyCount "123"]
[EventDate "1990.12.08"]

1. d4 Nf6 2. Nf3 g6 3. g3 c5 4. Bg2 cxd4 5. Nxd4 Bg7 6. c4 O-O 7. Nc3 Nc6 8.
O-O Qa5 9. Nc2 d6 10. Nb5 a6 11. Bd2 Qd8 12. Nc3 Be6 13. Ne3 Rc8 14. Rc1 Qd7
15. Ned5 Bxd5 16. cxd5 Ne5 17. b3 Qd8 18. Rc2 h5 19. h3 Ned7 20. Qb1 Nb6 21.
Rfc1 Kh7 22. Ne4 Qd7 23. Ng5+ Kg8 24. e4 Rxc2 25. Rxc2 Rc8 26. Be3 Rxc2 27.
Qxc2 Qc8 28. Qxc8+ Nxc8 29. f3 Nd7 30. h4 Bc3 31. Bh3 Ncb6 32. Kf2 Nc5 33. Ke2
Kf8 34. Bd2 Bxd2 35. Kxd2 a5 36. Kc3 Na8 37. a3 f6 38. Ne6+ Nxe6 39. Bxe6 Nc7
40. Bd7 Kf7 41. Kc4 b6 42. f4 Kg7 43. Bh3 Kf7 44. Bf1 Kg7 45. Bd3 Kf7 46. b4
axb4 47. Kxb4 g5 48. f5 g4 49. a4 Ke8 50. a5 bxa5+ 51. Kxa5 Kd8 52. Be2 e6 53.
dxe6 d5 54. Bxg4 dxe4 55. Bxh5 Nd5 56. Be2 Ke7 57. h5 Kf8 58. h6 Kg8 59. Kb5 e3
60. Kc5 Ne7 61. g4 Kh7 62. Kd6 1-0

[Event "V Festival Magistrale"]
[Site "Aosta ITA"]
[Date "1990.12.11"]
[Round "4"]
[White "Petursson, Margeir"]
[Black "Sadler, Matthew D."]
[WhiteElo "2550"]
[BlackElo "2470"]
[Result "1-0"]
[PlyCount "81"]
[EventDate "1990.12.08"]

1. c4 e5 2. Nc3 Nc6 3. g3 g6 4. Bg2 Bg7 5. e3 d6 6. Nge2 Nge7 7. O-O O-O 8. Rb1
Bf5 9. d3 Qd7 10. b4 Bh3 11. b5 Bxg2 12. Kxg2 Nd8 13. d4 exd4 14. Nxd4 Ne6 15.
Nce2 d5 16. Ba3 Rfd8 17. Nxe6 Qxe6 18. Nf4 Qe5 19. Bxe7 Qxe7 20. cxd5 g5 21.
Nh5 Qe4+ 22. Qf3 Qxf3+ 23. Kxf3 Rxd5 24. Rfc1 a6 25. Rxc7 axb5 26. g4 b6 27.
Rb7 Rd2 28. Rxb5 h6 29. Rf5 Rf8 30. a4 Ra2 31. Ra7 Bc3 32. Ng3 Ba5 33. Ne4 Rxa4
34. Nf6+ Kg7 35. Nd7 Re8 36. Ne5 Kg8 37. Nxf7 Re6 38. Ne5 Re8 39. Nd7 Re6 40.
Nf6+ Kf8 41. Nh5+ 1-0

[Event "V Festival Magistrale"]
[Site "Aosta ITA"]
[Date "1990.12.12"]
[Round "5"]
[White "Arlandi, Ennio"]
[Black "Clarke, Thomas"]
[WhiteElo "2400"]
[BlackElo "2215"]
[Result "1-0"]
[PlyCount "53"]
[EventDate "1990.12.08"]

1. d4 Nf6 2. c4 e5 3. dxe5 Ng4 4. Nf3 Bc5 5. e3 Nc6 6. Be2 O-O 7. O-O Ngxe5 8.
Nxe5 Nxe5 9. Nc3 Re8 10. f4 Nc6 11. f5 d6 12. f6 g6 13. Nd5 Be6 14. Kh1 Bxd5
15. cxd5 Nb8 16. Qe1 Nd7 17. Qh4 c6 18. b4 Bb6 19. Bc4 Re5 20. Bb2 Rh5 21. Qg3
Qe8 22. dxc6 bxc6 23. Qxd6 Rh4 24. Rf4 Rxf4 25. exf4 c5 26. Bb5 Rd8 27. Rd1 1-0

[Event "V Festival Magistrale"]
[Site "Aosta ITA"]
[Date "1990.12.12"]
[Round "5"]
[White "Gheorghiu, Florin"]
[Black "Arakhamia, Ketevan"]
[WhiteElo "2500"]
[BlackElo "2380"]
[Result "0-1"]
[PlyCount "154"]
[EventDate "1990.12.08"]

1. d4 d5 2. Nf3 Nf6 3. c4 c6 4. Qb3 g6 5. Bf4 dxc4 6. Qxc4 Be6 7. Qc1 Na6 8.
Nc3 c5 9. e3 Bg7 10. Bxa6 bxa6 11. dxc5 Qa5 12. O-O Qxc5 13. Na4 Qb5 14. b3 Rc8
15. Qa3 Nd5 16. Rac1 O-O 17. Bg5 Qb4 18. Qxb4 Nxb4 19. Bxe7 Nxa2 20. Rxc8 Rxc8
21. Nc5 Bd5 22. Nd4 Nc3 23. h3 Nb5 24. Rd1 Nxd4 25. exd4 a5 26. Rd3 f5 27. Bd6
Kf7 28. Re3 Bxd4 29. Rd3 Bxc5 30. Rxd5 Bb6 31. Bf4 Rc3 32. Rb5 Rc5 33. Rxc5
Bxc5 34. Bd2 Bb6 35. Kf1 Ke6 36. Ke2 Kd5 37. Kd3 Bxf2 38. Bxa5 Bd4 39. Bd2 Be5
40. Be3 a6 41. Bh6 Bd6 42. Be3 Be7 43. Ba7 h5 44. Be3 g5 45. Bd2 g4 46. Bh6 Bc5
47. Bf4 Bd4 48. Bh6 Bf2 49. Bf4 Bg1 50. Bb8 Bc5 51. Bf4 Bd6 52. Bh6 Ke5 53. Bd2
Bc5 54. Bg5 Bb6 55. Be7 f4 56. hxg4 hxg4 57. Ke2 Ke4 58. Bg5 Be3 59. Bf6 Bc5
60. Bd8 Bd4 61. Bc7 Bc3 62. Bb6 Bd4 63. Bc7 Bc5 64. Ba5 f3+ 65. gxf3+ gxf3+ 66.
Kf1 Kd3 67. b4 Bd6 68. Kf2 Ke4 69. Kf1 Ke3 70. Bb6+ Kf4 71. Ba5 Kg3 72. Kg1 f2+
73. Kf1 Kf3 74. b5 axb5 75. Bc7 Bc5 76. Bb6 Be3 77. Bc5 Ke4 0-1

[Event "V Festival Magistrale"]
[Site "Aosta ITA"]
[Date "1990.12.12"]
[Round "5"]
[White "Ilincic, Zlatko"]
[Black "Farago, Ivan"]
[WhiteElo "2470"]
[BlackElo "2465"]
[Result "1/2-1/2"]
[PlyCount "58"]
[EventDate "1990.12.08"]

1. d4 Nf6 2. c4 e6 3. Nc3 Bb4 4. Qc2 O-O 5. a3 Bxc3+ 6. Qxc3 b6 7. Bg5 Bb7 8.
f3 h6 9. Bf4 d5 10. c5 Nh5 11. Nh3 bxc5 12. Qxc5 Nxf4 13. Nxf4 Nd7 14. Qc3 Rc8
15. Nd3 c5 16. dxc5 Qh4+ 17. g3 Qc4 18. Rc1 Nxc5 19. Qxc4 dxc4 20. Nxc5 Rxc5
21. b4 Rc7 22. Kd2 Rd8+ 23. Kc3 Bc6 24. e4 Ba4 25. Rg1 Bb3 26. Rg2 a5 27. bxa5
Ra8 28. Ra1 Rxa5 29. Rd2 Rca7 1/2-1/2

[Event "V Festival Magistrale"]
[Site "Aosta ITA"]
[Date "1990.12.12"]
[Round "5"]
[White "Mantovani, Renzo"]
[Black "Flear, Christine"]
[WhiteElo "2355"]
[BlackElo "2160"]
[Result "1-0"]
[PlyCount "65"]
[EventDate "1990.12.08"]

1. e4 e5 2. Bc4 Nf6 3. Qe2 Nc6 4. Nf3 Bc5 5. c3 d6 6. d3 a6 7. Nbd2 Ba7 8. Bb3
O-O 9. Nf1 h6 10. Ng3 Ne7 11. Nh4 Kh7 12. Be3 Ng6 13. Nxg6 Kxg6 14. Nf5 Kh7 15.
g4 Bxe3 16. Nxe3 g6 17. O-O-O c6 18. h4 h5 19. g5 Ne8 20. Rdf1 Ng7 21. f4 exf4
22. Rxf4 Be6 23. Rhf1 Kg8 24. Rf6 a5 25. Qf2 Qc7 26. Qf3 b5 27. Bxe6 Nxe6 28.
Nf5 gxf5 29. exf5 Ng7 30. Rh6 f6 31. gxf6 Rxf6 32. Rxf6 Qe7 33. Rg6 1-0

[Event "V Festival Magistrale"]
[Site "Aosta ITA"]
[Date "1990.12.12"]
[Round "5"]
[White "Nogueiras Santiago, Jesus"]
[Black "Petursson, Margeir"]
[WhiteElo "2550"]
[BlackElo "2550"]
[Result "1/2-1/2"]
[PlyCount "74"]
[EventDate "1990.12.08"]

1. d4 Nf6 2. Nf3 d5 3. c4 e6 4. g3 Be7 5. Bg2 O-O 6. O-O dxc4 7. Qc2 a6 8. a4
c5 9. dxc5 Nc6 10. Na3 Bxc5 11. Nxc4 Qe7 12. Nfe5 Nb4 13. Qb3 a5 14. Bd2 Nfd5
15. Rfd1 b6 16. Bxb4 axb4 17. Nd3 Ba6 18. Rdc1 Rac8 19. Rc2 Rc7 20. Nxc5 Rxc5
21. Bxd5 exd5 22. Nxb6 Rxc2 23. Qxc2 d4 24. Nd5 Qxe2 25. Qxe2 Bxe2 26. f4 Rd8
27. Kf2 Bh5 28. Ne7+ Kf8 29. Nc6 Rd6 30. Ne5 f6 31. g4 Be8 32. Nd3 Rc6 33. Nxb4
Rc4 34. Nd3 Bxa4 35. f5 Rc2+ 36. Kg3 Bb5 37. Rd1 Bxd3 1/2-1/2

[Event "V Festival Magistrale"]
[Site "Aosta ITA"]
[Date "1990.12.12"]
[Round "5"]
[White "Palac, Mladen"]
[Black "Sarno, Spartaco"]
[WhiteElo "2485"]
[BlackElo "2385"]
[Result "1-0"]
[PlyCount "113"]
[EventDate "1990.12.08"]

1. e4 c6 2. d4 d5 3. e5 Bf5 4. c3 e6 5. Be3 Qb6 6. Qb3 Nd7 7. Nd2 Ne7 8. f4 Bg6
9. Ngf3 Nf5 10. Bf2 h5 11. Be2 Be7 12. g3 f6 13. exf6 gxf6 14. Qc2 Nh4 15. Bd3
Bxd3 16. Qxd3 Nf5 17. O-O Kf7 18. Rae1 Rag8 19. Rxe6 Kxe6 20. Re1+ Kf7 21. Qxf5
Ke8 22. Nh4 Nf8 23. Qc8+ Qd8 24. Qxb7 Qd7 25. Qb3 Kf7 26. f5 Rg4 27. Ndf3 Rhg8
28. c4 Bd8 29. cxd5 Qxd5 30. Qe3 Rh8 31. Qe8+ Kg7 32. h3 Ng6 33. Qe6 Nxh4 34.
Nxh4 Rg5 35. Kh2 Qxe6 36. Rxe6 Kf7 37. Rxc6 Re8 38. Rc2 Bb6 39. b4 Re4 40. a4
Bxd4 41. Bxd4 Rxd4 42. Nf3 Rxb4 43. Rc7+ Kg8 44. Nxg5 fxg5 45. Rxa7 Rb2+ 46.
Kg1 Rb1+ 47. Kg2 Rb2+ 48. Kf3 Rb3+ 49. Ke4 Rxg3 50. f6 g4 51. hxg4 h4 52. Kf4
Rg1 53. Rg7+ Kh8 54. g5 Ra1 55. Ra7 Rg1 56. Kf5 h3 57. g6 1-0

[Event "V Festival Magistrale"]
[Site "Aosta ITA"]
[Date "1990.12.13"]
[Round "6"]
[White "Arakhamia, Ketevan"]
[Black "Braga, Fernando Alberto"]
[WhiteElo "2380"]
[BlackElo "2480"]
[Result "1-0"]
[PlyCount "63"]
[EventDate "1990.12.08"]

1. e4 e5 2. Nf3 Nc6 3. Bb5 a6 4. Ba4 Nf6 5. O-O b5 6. Bb3 Bb7 7. Re1 Bc5 8. c3
d6 9. d4 Bb6 10. Qd3 h6 11. Nbd2 O-O 12. Nf1 exd4 13. cxd4 Nb4 14. Qb1 Re8 15.
Ng3 c5 16. Bd2 a5 17. a3 Nc6 18. d5 Ne7 19. h3 a4 20. Bc2 Ba5 21. Qc1 Bxd2 22.
Qxd2 Qb6 23. Nh4 Bc8 24. Re3 Bd7 25. Rf3 Nh7 26. Nh5 b4 27. Rg3 g5 28. e5 dxe5
29. Bxh7+ Kxh7 30. d6 Nc8 31. Rxg5 Qxd6 32. Rg7+ 1-0

[Event "V Festival Magistrale"]
[Site "Aosta ITA"]
[Date "1990.12.13"]
[Round "6"]
[White "Cebalo, Miso"]
[Black "Legky, Nikolay A."]
[WhiteElo "2505"]
[BlackElo "2405"]
[Result "0-1"]
[PlyCount "96"]
[EventDate "1990.12.08"]

1. d4 Nf6 2. Nf3 e6 3. c4 d5 4. Nc3 Nbd7 5. Bg5 h6 6. Bh4 Be7 7. e3 O-O 8. Qc2
c5 9. O-O-O b6 10. cxd5 Nxd5 11. Bxe7 Qxe7 12. Nxd5 exd5 13. dxc5 Nxc5 14. Kb1
Bb7 15. Nd4 Rac8 16. Bd3 Ne4 17. Qe2 Rc5 18. f3 Nd6 19. g4 Re8 20. Rhe1 Bc8 21.
Qf2 Qd8 22. Re2 Nc4 23. h4 Ne5 24. Bc2 Ba6 25. g5 Bxe2 26. Qxe2 Qd6 27. Nf5 Qe6
28. gxh6 Rec8 29. Nxg7 Qxh6 30. Nf5 Qf6 31. Rg1+ Kf8 32. Qg2 Qg6 33. Nd4 Qxg2
34. Rxg2 Nc6 35. Nb3 Rc4 36. Bf5 Rc7 37. e4 Nd4 38. Bh7 Nxf3 39. a3 dxe4 40. h5
a5 41. h6 a4 42. Na1 Rc1+ 43. Ka2 Rg1 44. Re2 Rcc1 45. Nc2 Nd4 46. Rxe4 Nxc2
47. Rxa4 Rh1 48. Rc4 Ne3 0-1

[Event "V Festival Magistrale"]
[Site "Aosta ITA"]
[Date "1990.12.13"]
[Round "6"]
[White "Drasko, Milan"]
[Black "Nishimura, Hiroyuki"]
[WhiteElo "2460"]
[BlackElo "2205"]
[Result "1-0"]
[PlyCount "65"]
[EventDate "1990.12.08"]

1. d4 f5 2. g3 Nf6 3. Bg2 e6 4. c4 Bb4+ 5. Bd2 Be7 6. Nf3 O-O 7. d5 Ne4 8. Nc3
Bf6 9. Qc2 exd5 10. Nxd5 d6 11. O-O Nd7 12. Be3 c6 13. Nxf6+ Ndxf6 14. Rad1 Qe7
15. Nd4 Bd7 16. Bf4 d5 17. f3 Nd6 18. b3 Rae8 19. c5 Nf7 20. Rfe1 g6 21. Qc3
Qd8 22. a4 h6 23. Bc1 Kh7 24. Bb2 Ng5 25. h4 Ne6 26. e4 Qc7 27. exf5 Nxd4 28.
fxg6+ Kg7 29. Rxe8 Bxe8 30. Rxd4 Qxg3 31. Rg4 Qc7 32. Qe3 Qd8 33. h5 1-0

[Event "V Festival Magistrale"]
[Site "Aosta ITA"]
[Date "1990.12.13"]
[Round "6"]
[White "Flear, Glenn Curtis"]
[Black "Aleksic, Nenad"]
[WhiteElo "2485"]
[BlackElo "2400"]
[Result "1-0"]
[PlyCount "119"]
[EventDate "1990.12.08"]

1. d4 Nf6 2. c4 e6 3. Nc3 Bb4 4. Qc2 d6 5. Bg5 Nbd7 6. e3 b6 7. Nge2 Bb7 8. a3
Bxc3+ 9. Nxc3 h6 10. Bh4 g5 11. Bg3 Nh5 12. O-O-O Qe7 13. Qa4 Kf8 14. e4 Kg7
15. Be2 Nxg3 16. hxg3 c5 17. d5 e5 18. Bg4 Nf6 19. Bf5 a6 20. Qc2 Bc8 21. Bxc8
Raxc8 22. Rde1 Qd7 23. Nd1 Ng8 24. Ne3 Ne7 25. f4 gxf4 26. gxf4 exf4 27. Qc3+
Kg8 28. Nf5 Nxf5 29. Qh3 Qe7 30. Qxf5 Re8 31. Rh5 Qe5 32. Qg4+ Qg7 33. Qxf4 Re5
34. Rxe5 Qxe5 35. Qxe5 dxe5 36. Re3 Kg7 37. Rb3 Rb8 38. a4 Kg6 39. a5 b5 40.
cxb5 axb5 41. a6 f5 42. Rg3+ Kf6 43. Rf3 f4 44. a7 Ra8 45. Ra3 h5 46. Kd2 h4
47. Ra6+ Kg5 48. Ke2 c4 49. Kf3 b4 50. Re6 Rxa7 51. Rxe5+ Kf6 52. Kxf4 Rc7 53.
Re6+ Kf7 54. Rh6 Rc8 55. Rxh4 c3 56. bxc3 bxc3 57. Rh1 c2 58. Rc1 Ke7 59. Ke5
Kd7 60. g4 1-0

[Event "V Festival Magistrale"]
[Site "Aosta ITA"]
[Date "1990.12.13"]
[Round "6"]
[White "Garcia Palermo, Carlos Horacio"]
[Black "Gallagher, Joseph G."]
[WhiteElo "2440"]
[BlackElo "2500"]
[Result "1-0"]
[PlyCount "59"]
[EventDate "1990.12.08"]

1. d4 Nf6 2. c4 g6 3. Nc3 Bg7 4. e4 d6 5. Nf3 O-O 6. Be2 e5 7. O-O Nc6 8. d5
Ne7 9. b4 Nh5 10. g3 f5 11. Ng5 Nf6 12. f3 h6 13. Ne6 Bxe6 14. dxe6 c6 15. Be3
Qc7 16. b5 Rfd8 17. Qd2 Kh7 18. Rfc1 fxe4 19. fxe4 Qc8 20. bxc6 bxc6 21. Nd5
Nxe4 22. Nxe7 Qxe6 23. Qc2 Qxe7 24. Qxe4 d5 25. cxd5 cxd5 26. Qg4 e4 27. Rc6
Rd6 28. Rac1 d4 29. Rc7 Qe8 30. Bxh6 1-0

[Event "V Festival Magistrale"]
[Site "Aosta ITA"]
[Date "1990.12.13"]
[Round "6"]
[White "Godena, Michele"]
[Black "Milos, Gilberto"]
[WhiteElo "2405"]
[BlackElo "2540"]
[Result "1/2-1/2"]
[PlyCount "65"]
[EventDate "1990.12.08"]

1. e4 e5 2. Nf3 Nc6 3. Bb5 a6 4. Ba4 Nf6 5. O-O Be7 6. Bxc6 dxc6 7. d3 Nd7 8.
b3 c5 9. Bb2 f6 10. Nh4 g6 11. f4 exf4 12. Rxf4 O-O 13. Rf1 Ne5 14. Nf3 Nc6 15.
Nc3 Be6 16. Ne2 Bd6 17. Qd2 Qd7 18. Rf2 Rf7 19. Raf1 Raf8 20. h3 b5 21. Qh6 Be5
22. Bxe5 fxe5 23. Nc3 Qe7 24. a4 Nd4 25. axb5 axb5 26. Qe3 Nxf3+ 27. Rxf3 Rxf3
28. Rxf3 Rxf3 29. Qxf3 c4 30. bxc4 bxc4 31. dxc4 Qc5+ 32. Kh2 Qxc4 33. Qf6
1/2-1/2

[Event "V Festival Magistrale"]
[Site "Aosta ITA"]
[Date "1990.12.13"]
[Round "6"]
[White "Grosar, Aljosa"]
[Black "Belotti, Bruno"]
[WhiteElo "2330"]
[BlackElo "2435"]
[Result "1-0"]
[PlyCount "81"]
[EventDate "1990.12.08"]

1. e4 c5 2. Nf3 d6 3. d4 cxd4 4. Nxd4 Nf6 5. Nc3 a6 6. Be3 e6 7. f3 b5 8. g4 h6
9. Qd2 Nbd7 10. O-O-O Bb7 11. h4 b4 12. Nce2 d5 13. Bh3 dxe4 14. f4 Nd5 15. g5
Nxe3 16. Qxe3 Qb6 17. Ng3 Nc5 18. Bg2 hxg5 19. hxg5 Rxh1 20. Bxh1 Rd8 21. Bxe4
Nxe4 22. Nxe4 Bxe4 23. Qxe4 Bc5 24. Nf5 Rxd1+ 25. Kxd1 g6 26. Nh4 Be3 27. Ke2
Bc1 28. b3 Qd6 29. Kf3 Kf8 30. Kg4 Qd1+ 31. Nf3 Bb2 32. Qxb4+ Kg7 33. Qe4 Qh1
34. Kg3 Qc1 35. Qd3 a5 36. Qd2 Qb1 37. a4 Kg8 38. Ne1 Qa1 39. Qxa5 Bc3 40. Qd8+
Kg7 41. Nf3 1-0

[Event "V Festival Magistrale"]
[Site "Aosta ITA"]
[Date "1990.12.13"]
[Round "6"]
[White "Manca, Federico"]
[Black "Ilincic, Zlatko"]
[WhiteElo "2360"]
[BlackElo "2470"]
[Result "1/2-1/2"]
[PlyCount "105"]
[EventDate "1990.12.08"]

1. e4 c5 2. c3 Nf6 3. e5 Nd5 4. d4 cxd4 5. Nf3 Nc6 6. Bc4 Nb6 7. Bb3 d6 8. exd6
Qxd6 9. O-O Be6 10. Bxe6 Qxe6 11. Nxd4 Nxd4 12. Qxd4 Rd8 13. Qh4 g6 14. Be3 Bg7
15. Nd2 O-O 16. Nf3 Qd6 17. Rfe1 Nc8 18. Ng5 h5 19. Qe4 Rd7 20. Qa4 Rfd8 21. h3
b6 22. Rad1 Qc7 23. Bf4 Qb7 24. Qc4 e6 25. Rxd7 Qxd7 26. Ne4 Qd5 27. Qc7 Qd7
28. Qc4 f6 29. a4 Ne7 30. a5 Nd5 31. Bg3 b5 32. Qb3 Qc6 33. Nd6 Rxd6 34. Bxd6
Qxd6 35. Qxb5 Nf4 36. Qc4 h4 37. b4 f5 38. b5 Qd2 39. Rf1 Be5 40. b6 axb6 41.
a6 b5 42. Qc8+ Kg7 43. Qb7+ Kh6 44. Qf3 Ne2+ 45. Kh1 Bb8 46. Ra1 Ba7 47. Qa8
Qxc3 48. Rd1 Bxf2 49. a7 Ng3+ 50. Kh2 Qe5 51. Qb8 Nf1+ 52. Kh1 Ng3+ 53. Kh2
1/2-1/2

[Event "V Festival Magistrale"]
[Site "Aosta ITA"]
[Date "1990.12.13"]
[Round "6"]
[White "Panzalovic, Srdjan"]
[Black "Sadler, Matthew D."]
[WhiteElo "2335"]
[BlackElo "2470"]
[Result "0-1"]
[PlyCount "76"]
[EventDate "1990.12.08"]

1. Nf3 d5 2. d4 e6 3. c4 dxc4 4. e3 Nf6 5. Bxc4 a6 6. Bd3 c5 7. O-O Nbd7 8. Nc3
b5 9. b3 Bb7 10. Bb2 Bd6 11. Rc1 O-O 12. Ng5 cxd4 13. Nce4 Nxe4 14. Bxe4 Bxe4
15. Nxe4 Bxh2+ 16. Kxh2 Qh4+ 17. Kg1 Qxe4 18. Bxd4 Rfd8 19. Rc7 Nf6 20. Qa1 Nd5
21. Rc5 e5 22. Rd1 f6 23. Rd2 Nb4 24. Bc3 Nd3 25. Ba5 Nxc5 26. Bxd8 Nd3 27. Bc7
Qd5 28. f3 f5 29. Qc3 e4 30. fxe4 fxe4 31. Qd4 Qf5 32. Bd6 Rc8 33. Bc7 h5 34.
Rc2 Kh7 35. Rc6 Qf2+ 36. Kh2 Qh4+ 37. Kg1 Rf8 38. Bf4 Qf2+ 0-1

[Event "V Festival Magistrale"]
[Site "Aosta ITA"]
[Date "1990.12.13"]
[Round "6"]
[White "Sarno, Spartaco"]
[Black "Moskalenko, Viktor"]
[WhiteElo "2385"]
[BlackElo "2515"]
[Result "0-1"]
[PlyCount "68"]
[EventDate "1990.12.08"]

1. d4 e6 2. c4 f5 3. g3 Nf6 4. Bg2 c6 5. Nf3 d5 6. O-O Bd6 7. b3 Qe7 8. Nc3 O-O
9. Bb2 Nbd7 10. Qc2 Ne4 11. e3 b6 12. a4 a5 13. Rfd1 Bb7 14. Rac1 Rac8 15. Nd2
Ndf6 16. Ndxe4 fxe4 17. f4 exf3 18. Bxf3 c5 19. Nb5 Bb8 20. dxc5 bxc5 21. Rf1
Ne4 22. Bxe4 dxe4 23. Rxf8+ Rxf8 24. Rf1 Rf3 25. Rxf3 exf3 26. Qd3 h5 27. e4 h4
28. Qxf3 hxg3 29. hxg3 Qg5 30. g4 Qd2 31. Bc3 Qc2 32. Be1 Bh2+ 33. Kf1 Bxe4 34.
Qh3 Bd3+ 0-1

[Event "V Festival Magistrale"]
[Site "Aosta ITA"]
[Date "1990.12.14"]
[Round "7"]
[White "Crouch, Colin S."]
[Black "Godena, Michele"]
[WhiteElo "2315"]
[BlackElo "2405"]
[Result "1-0"]
[PlyCount "81"]
[EventDate "1990.12.08"]

1. d4 d5 2. c4 Nc6 3. Nc3 Nf6 4. cxd5 Nxd5 5. Nf3 Bg4 6. e3 e6 7. Bb5 Nxc3 8.
bxc3 a6 9. Ba4 Bd6 10. Rb1 b5 11. Bc2 Rb8 12. a4 Ne7 13. axb5 axb5 14. e4 c6
15. O-O b4 16. c4 Bc7 17. Rb3 O-O 18. Bb2 Ng6 19. h3 Bxf3 20. Qxf3 e5 21. d5
Qd6 22. Bc1 Bb6 23. Be3 Bxe3 24. Qxe3 c5 25. g3 Ra8 26. f4 Ra2 27. Bb1 Ra1 28.
f5 Ne7 29. f6 Ng6 30. h4 h5 31. Qg5 Qa6 32. Rbf3 Qxc4 33. Qxh5 Ra3 34. fxg7
Kxg7 35. Rf6 Rxg3+ 36. Kh2 Qc3 37. Qf5 Qe3 38. h5 Rg5 39. Rxg6+ Rxg6 40. hxg6
f6 41. Qd7+ 1-0

[Event "V Festival Magistrale"]
[Site "Aosta ITA"]
[Date "1990.12.14"]
[Round "7"]
[White "Kosten, Anthony C."]
[Black "Arakhamia, Ketevan"]
[WhiteElo "2510"]
[BlackElo "2380"]
[Result "1-0"]
[PlyCount "77"]
[EventDate "1990.12.08"]

1. e4 c5 2. f4 b6 3. Nc3 Bb7 4. Nf3 Nf6 5. e5 Nd5 6. Bc4 e6 7. O-O Be7 8. d4
O-O 9. Nxd5 exd5 10. Bd3 c4 11. Be2 d6 12. c3 dxe5 13. dxe5 Bc5+ 14. Nd4 Nc6
15. Be3 f6 16. e6 f5 17. g4 Qd6 18. gxf5 Bxd4 19. Bxd4 Rxf5 20. Bg4 Rxf4 21.
Qe2 Nxd4 22. cxd4 Re4 23. Qg2 Rf8 24. Rxf8+ Kxf8 25. Rf1+ Rf4 26. Re1 Qe7 27.
Qg3 g5 28. h4 h6 29. hxg5 hxg5 30. Re5 Bc6 31. Bh5 Rf6 32. Qxg5 Be8 33. Rf5
Rxf5 34. Qxf5+ Kg7 35. Bxe8 Qxe8 36. Qe5+ Kh6 37. e7 Kh7 38. Qe6 Kg7 39. Kg2
1-0

[Event "V Festival Magistrale"]
[Site "Aosta ITA"]
[Date "1990.12.14"]
[Round "7"]
[White "Manca, Federico"]
[Black "Mestrovic, Zvonimir"]
[WhiteElo "2360"]
[BlackElo "2470"]
[Result "1-0"]
[PlyCount "51"]
[EventDate "1990.12.08"]

1. e4 Nc6 2. Nf3 d6 3. d4 Nf6 4. d5 Ne5 5. Nxe5 dxe5 6. Nc3 a6 7. f4 Qd6 8. Qf3
Nd7 9. Bd3 g6 10. O-O Bg7 11. f5 O-O 12. a4 Nf6 13. Kh1 Bd7 14. Be3 c5 15. a5
Rac8 16. Bc4 Ne8 17. Qg3 Nc7 18. Qf2 Nb5 19. Na4 Nd4 20. Nb6 gxf5 21. Nxd7 Qxd7
22. exf5 Qd6 23. c3 Qf6 24. g4 e4 25. g5 Qe5 26. f6 1-0